Natural Features of Countries - Difficult #1 - Statistics

General Stats
  • This quiz has been taken 47 times
  • The average score is 7 of 21
Answer Stats
Natural Feature Country % Correct
Åland Islands Finland
78%
Rhône Glacier Switzerland
78%
Zambezi Delta Mozambique
73%
Milford Sound New Zealand
60%
Garonne River France
55%
Wadi Rum Jordan
53%
Shenandoah Valley United States
53%
Salar de Uyuni Bolivia
40%
Bay of Kotor Montenegro
40%
Darvaza Gas Crater Turkmenistan
28%
Issyk-Kul Kyrgyzstan
25%
Lake Tana Ethiopia
23%
Veryovkina Cave Georgia
23%
Paektu Mountain North Korea
23%
Ometepe Nicaragua
20%
Grand Erg Oriental Algeria
18%
Gangkhar Puensum Bhutan
18%
Gulf of Gonâve Haiti
18%
Kaieteur Falls Guyana
10%
Zika Forest Uganda
10%
Band-e Amir Afghanistan
8%
No matching quizzes found
Score Distribution
Percent of People with Each Score
Percentile by Number Answered
Your Score History
You have not taken this quiz